000 00695nam a2200217 a 4500
999 _c5593
_d5593
001 5593
003 BD-JhCC
005 20200325134019.0
008 171218s1999 bg ||||| |||| 00| 0 ben d
035 _a(BD-JhCC)5593
040 _aBD-JhCC
_dBD-JhCC
041 _aben
082 _a516
_bJAM 1999
100 _aজামান, আফসার উজ
245 _aউচ্চ মাধ্যমিক জ্যামিতি ক্যালকুলাস /
_c আফসার উজ জামান
260 _aঢাকা :
_bআইডিয়াল লাইব্রেরী,
_c1999.
300 _a102 p. :
_c24 cm.
650 _aGeometry
942 _2ddc
_cBK
_02